[Event "Sunny Beach op 10th"]
[Site "Sunny Beach"]
[Date "2011.08.30"]
[Round "4"]
[White "Nguyen, Michael"]
[Black "Savov, Zheljazko"]
[Result "1-0"]
[WhiteElo "2190"]
[BlackElo "1941"]
[PlyCount "87"]
[EventDate "2011.08.27"]
[EventType "swiss"]
[EventRounds "9"]
[EventCountry "BUL"]
[SourceTitle "CBM 144 Extra"]
[Source "ChessBase"]
[SourceDate "2011.10.28"]
[SourceVersion "1"]
[SourceVersionDate "2011.10.28"]
[SourceQuality "1"]

1. Nf3 c5 2. c4 g6 3. Nc3 Bg7 4. g3 Nc6 5. Bg2 e6 6. 0-0 Nge7 7. d3 0-0 8. a3 d5 9. cxd5 exd5 10. Bg5 Be6 11. Rc1 Qd7 12. Bxe7 Qxe7 13. Na4 c4 14. b4 Rac8 15. d4 Rfd8 16. Re1 f5 17. Qd2 b6 18. Nc3 h6 19. h4 a5 20. b5 Na7 21. a4 Rc7 22. Qf4 Nc8 23. Ne5 Bxe5 24. Qxe5 Qd6 25. Qxd6 Rxd6 26. Red1 Kg7 27. e3 g5 28. hxg5 hxg5 29. f4 Kg6 30. Kf2 Ne7 31. Rh1 Ng8 32. Rh8 Rh7 33. Rxh7 Kxh7 34. Rh1+ Kg6 35. Rh8 Nf6 36. Bf3 Ne4+ 37. Bxe4 fxe4 38. Rb8 Kf5 39. Rf8+ Kg4 40. Rf6 gxf4 41. gxf4 Rd8 42. Rxe6 Rh8 43. Kg2 Kf5 44. Re5+ 1-0

[Event "Sunny Beach op 10th"]
[Site "Sunny Beach"]
[Date "2011.08.27"]
[Round "1"]
[White "Petkov, Matey"]
[Black "Nguyen, Michael"]
[Result "0-1"]
[WhiteElo "1622"]
[BlackElo "2190"]
[PlyCount "94"]
[EventDate "2011.08.27"]
[EventType "swiss"]
[EventRounds "9"]
[EventCountry "BUL"]
[SourceTitle "CBM 144 Extra"]
[Source "ChessBase"]
[SourceDate "2011.10.28"]
[SourceVersion "1"]
[SourceVersionDate "2011.10.28"]
[SourceQuality "1"]

1. d4 Nf6 2. Bg5 e6 3. e4 h6 4. Bxf6 Qxf6 5. Nf3 d6 6. Bd3 Nd7 7. 0-0 e5 8. dxe5 dxe5 9. Nc3 c6 10. Bc4 Nb6 11. Bb3 Bg4 12. Qd3 Bxf3 13. Qxf3 Qxf3 14. gxf3 Bd6 15. Rad1 Rd8 16. Rd3 Ke7 17. Rfd1 Bc7 18. Na4 Rxd3 19. Rxd3 Nd7 20. Bxf7 b5 21. Nc3 Nc5 22. Bb3 Nxd3 23. cxd3 Rd8 24. Bc2 Bb6 25. Ne2 Rf8 26. Kg2 Kd6 27. Ng3 g6 28. Ne2 Bd4 29. b3 Bb6 30. Kg3 h5 31. Nc3 Kc5 32. Nb1 Kd4 33. h3 Ba5 34. Kg2 Bb4 35. Kg3 a5 36. a3 Bd6 37. Kg2 Rb8 38. Kg3 Rb7 39. Kh4 Be7+ 40. Kg3 g5 41. Kg2 a4 42. b4 c5 43. bxc5 Bxc5 44. Kg3 Be7 45. h4 gxh4+ 46. Kh3 Rc7 47. Bd1 Rc1 0-1

[Event "Rilton Cup 39th"]
[Site "Stockholm"]
[Date "2010.01.05"]
[Round "9"]
[White "Kryger, Oksana"]
[Black "Nguyen, Michael"]
[Result "1/2-1/2"]
[WhiteElo "2145"]
[BlackElo "2187"]
[PlyCount "81"]
[EventDate "2009.12.27"]
[EventType "swiss"]
[EventRounds "9"]
[EventCountry "SWE"]
[SourceTitle "CBM 134 Extra"]
[Source "ChessBase"]
[SourceDate "2010.03.03"]
[SourceVersion "1"]
[SourceVersionDate "2010.03.03"]
[SourceQuality "1"]

1. d4 Nf6 2. c4 Nc6 3. Nf3 e6 4. g3 Rb8 5. Bg2 a6 6. 0-0 b5 7. b3 bxc4 8. bxc4 Bb7 9. Nc3 Bb4 10. Qd3 0-0 11. Bd2 Re8 12. e4 d6 13. Rab1 Ba5 14. Na4 Bxd2 15. Nxd2 Nd7 16. e5 Na5 17. exd6 cxd6 18. Bxb7 Nxb7 19. Ne4 Nf8 20. Rb6 a5 21. Rfb1 d5 22. Rxb7 dxe4 23. Qxe4 Rxb7 24. Rxb7 Qg5 25. Qc6 Rd8 26. Qc5 Qc1+ 27. Kg2 Ng6 28. Qc7 Rf8 29. Rb8 Qd2 30. Rxf8+ Nxf8 31. Qc5 Qxa2 32. Nc3 Qb3 33. Nb5 a4 34. d5 exd5 35. cxd5 h6 36. d6 Ne6 37. Qc8+ Kh7 38. Nc3 a3 39. d7 a2 40. Nxa2 Qxa2 41. d8Q 1/2-1/2

[Event "Rilton Cup 39th"]
[Site "Stockholm"]
[Date "2010.01.04"]
[Round "8"]
[White "Nguyen, Michael"]
[Black "Kovachev, Daniel Jakobsen"]
[Result "0-1"]
[WhiteElo "2187"]
[BlackElo "2243"]
[PlyCount "60"]
[EventDate "2009.12.27"]
[EventType "swiss"]
[EventRounds "9"]
[EventCountry "SWE"]
[SourceTitle "CBM 134 Extra"]
[Source "ChessBase"]
[SourceDate "2010.03.03"]
[SourceVersion "1"]
[SourceVersionDate "2010.03.03"]
[SourceQuality "1"]

1. d4 f5 2. g3 Nf6 3. Bg2 e6 4. c4 c6 5. Nf3 d5 6. 0-0 Bd6 7. b3 Qe7 8. Bb2 b6 9. Nbd2 Bb7 10. Qc2 Nbd7 11. cxd5 cxd5 12. Rac1 0-0 13. Ne5 Rac8 14. Qd3 Bb8 15. Nxd7 Nxd7 16. Nf3 Bd6 17. Ne1 Rxc1 18. Bxc1 Rc8 19. Bb2 Nb8 20. Nf3 Ba6 21. Qd1 h6 22. Qa1 Bxe2 23. Re1 Rc2 24. Rc1 Qc7 25. Ne1 Rxc1 26. Qxc1 Qxc1 27. Bxc1 Bb4 28. Bf1 Bxe1 29. Bxe2 Bc3 30. f4 Nc6 0-1

[Event "Rilton Cup 39th"]
[Site "Stockholm"]
[Date "2010.01.02"]
[Round "6"]
[White "Glimbrant, Torbjorn"]
[Black "Nguyen, Michael"]
[Result "1-0"]
[WhiteElo "2263"]
[BlackElo "2187"]
[PlyCount "115"]
[EventDate "2009.12.27"]
[EventType "swiss"]
[EventRounds "9"]
[EventCountry "SWE"]
[SourceTitle "CBM 134 Extra"]
[Source "ChessBase"]
[SourceDate "2010.03.03"]
[SourceVersion "1"]
[SourceVersionDate "2010.03.03"]
[SourceQuality "1"]

1. d4 Nf6 2. c4 e6 3. Nf3 Bb4+ 4. Bd2 Qe7 5. Nc3 0-0 6. e3 Bxc3 7. Bxc3 Ne4 8. Rc1 d6 9. Qc2 Nxc3 10. Qxc3 c5 11. Be2 b6 12. 0-0 Nc6 13. a3 e5 14. d5 Nb8 15. b4 Qc7 16. Nd2 Nd7 17. e4 a5 18. b5 Re8 19. g3 Nf8 20. Qe3 Qd8 21. Bd3 Ng6 22. f3 Ra7 23. Rf2 f6 24. Kh1 Rf7 25. Rg1 f5 26. exf5 Bxf5 27. Bxf5 Rxf5 28. Ne4 Qd7 29. Kg2 Ne7 30. Ng5 Ng6 31. Ne4 Ne7 32. Kf1 Rff8 33. Ng5 Ng6 34. Qd3 Qf5 35. Qxf5 Rxf5 36. Ne4 Rd8 37. Ke2 h6 38. h4 Ne7 39. g4 Rf4 40. h5 Kh8 41. Rfg2 Rd7 42. Rh1 Ng8 43. g5 hxg5 44. Rxg5 Nh6 45. Rh3 Nf5 46. Rg6 Nd4+ 47. Kd1 Nf5 48. Re6 Kg8 49. Rh1 Kf8 50. Rg1 Rxf3 51. Rgg6 Rf4 52. Nxd6 Ne7 53. h6 gxh6 54. Rxh6 Kg7 55. Rh5 Ng6 56. Nf5+ Kg8 57. Rg5 Kf7 58. Nh6+ 1-0

[Event "Copenhagen Challenge"]
[Site "Ballerup"]
[Date "2010.??.??"]
[Round "1"]
[White "Molvig, Julius"]
[Black "Nguyen, Michael"]
[Result "0-1"]
[WhiteElo "1782"]
[BlackElo "2187"]
[PlyCount "78"]
[EventDate "2010.04.28"]
[EventType "swiss"]
[EventRounds "9"]
[EventCountry "DEN"]
[SourceTitle "EXT 2018"]
[Source "ChessBase"]
[SourceDate "2017.10.13"]
[SourceVersion "1"]
[SourceVersionDate "2017.10.13"]
[SourceQuality "1"]

1. d4 Nf6 2. c4 e6 3. Nf3 Bb4+ 4. Bd2 Qe7 5. Nc3 0-0 6. e3 d6 7. Be2 a5 8. a3 Bxc3 9. Bxc3 a4 10. 0-0 Nc6 11. d5 Nb8 12. b4 axb3 13. Qxb3 Na6 14. Rfd1 Nc5 15. Qc2 e5 16. Nd2 Bd7 17. Rdb1 Ba4 18. Qf5 g6 19. Qf3 Bc2 20. Rb2 Bf5 21. Nb3 Na4 22. e4 Nxe4 23. Rc1 Nexc3 24. Rxc3 Nxb2 25. g4 Bc8 26. c5 Na4 27. cxd6 cxd6 28. Rc4 b6 29. Qe4 Nc5 30. Nxc5 bxc5 31. Rc3 f5 32. Qg2 fxg4 33. Bxg4 Bxg4 34. Qxg4 Rf4 35. Qg3 Raf8 36. Rc2 Qd7 37. h3 Qf7 38. h4 Qf5 39. Qb3 Rxf2 0-1

[Event "Copenhagen Challenge"]
[Site "Ballerup"]
[Date "2010.??.??"]
[Round "5"]
[White "Skytte, Rasmus"]
[Black "Nguyen, Michael"]
[Result "1/2-1/2"]
[WhiteElo "2386"]
[BlackElo "2187"]
[PlyCount "55"]
[EventDate "2010.04.28"]
[EventType "swiss"]
[EventRounds "9"]
[EventCountry "DEN"]
[SourceTitle "EXT 2018"]
[Source "ChessBase"]
[SourceDate "2017.10.13"]
[SourceVersion "1"]
[SourceVersionDate "2017.10.13"]
[SourceQuality "1"]

1. e4 c5 2. Nf3 Nc6 3. c3 d5 4. exd5 Qxd5 5. d4 Bg4 6. Be2 cxd4 7. cxd4 e6 8. Nc3 Qa5 9. 0-0 Nf6 10. h3 Bh5 11. Be3 Bd6 12. a3 0-0 13. Qb3 Ne7 14. g4 Bg6 15. Nd2 Qd8 16. Nc4 b6 17. Bf3 Nfd5 18. Rfe1 Rc8 19. Bg5 Bf4 20. Bxe7 Nxe7 21. Rad1 Bc2 22. Qxc2 Rxc4 23. Qd3 Rc8 24. Qe4 Bb8 25. d5 Nxd5 26. Nxd5 exd5 27. Rxd5 Qf6 28. Qe2 1/2-1/2

[Event "Rilton Cup 39th"]
[Site "Stockholm"]
[Date "2009.12.31"]
[Round "5"]
[White "Vaarala, Eric"]
[Black "Nguyen, Michael"]
[Result "1/2-1/2"]
[WhiteElo "2032"]
[BlackElo "2187"]
[PlyCount "81"]
[EventDate "2009.12.27"]
[EventType "swiss"]
[EventRounds "9"]
[EventCountry "SWE"]
[SourceTitle "CBM 134 Extra"]
[Source "ChessBase"]
[SourceDate "2010.03.03"]
[SourceVersion "1"]
[SourceVersionDate "2010.03.03"]
[SourceQuality "1"]

1. e4 c5 2. Nf3 Nc6 3. d4 cxd4 4. Nxd4 Nf6 5. Nc3 e5 6. Ndb5 d6 7. Bg5 a6 8. Na3 b5 9. Nd5 Be7 10. Bxf6 Bxf6 11. c3 0-0 12. Nc2 Bg5 13. a4 bxa4 14. Rxa4 a5 15. Bc4 Rb8 16. b3 Kh8 17. Nce3 g6 18. h4 Bxh4 19. g3 Bg5 20. f4 exf4 21. gxf4 Bh4+ 22. Kd2 Ne7 23. Qg1 Nxd5 24. Nxd5 Be6 25. Qh2 Bxd5 26. Bxd5 g5 27. Kc2 h6 28. Qd2 Qf6 29. e5 dxe5 30. fxe5 Qf2 31. Qxf2 Bxf2 32. Rxh6+ Kg7 33. Rf6 Be3 34. Rxa5 Bf4 35. Rf5 Rbe8 36. Be4 Rd8 37. Rd5 Rxd5 38. Bxd5 Kg6 39. Rf6+ Kg7 40. Rf5 Kg6 41. Rf6+ 1/2-1/2

[Event "Rilton Cup 39th"]
[Site "Stockholm"]
[Date "2009.12.28"]
[Round "2"]
[White "Nguyen, Michael"]
[Black "Von Bahr, Oskar"]
[Result "1-0"]
[WhiteElo "2187"]
[BlackElo "2316"]
[PlyCount "79"]
[EventDate "2009.12.27"]
[EventType "swiss"]
[EventRounds "9"]
[EventCountry "SWE"]
[SourceTitle "CBM 134 Extra"]
[Source "ChessBase"]
[SourceDate "2010.03.03"]
[SourceVersion "1"]
[SourceVersionDate "2010.03.03"]
[SourceQuality "1"]

1. d4 Nf6 2. c4 g6 3. Nc3 d5 4. Nf3 Bg7 5. Bg5 Ne4 6. cxd5 Nxg5 7. Nxg5 e6 8. Nf3 exd5 9. b4 Qd6 10. a3 0-0 11. Qb3 c6 12. e3 Re8 13. Be2 Be6 14. 0-0 Nd7 15. Rfd1 a5 16. Ne1 b5 17. Nd3 a4 18. Qa2 Nb6 19. Nc5 Ra7 20. Qd2 Bf5 21. Re1 Rae7 22. Rad1 h5 23. h3 h4 24. Bd3 Bxd3 25. Qxd3 Nc4 26. Ra1 f5 27. Ra2 Qf6 28. Rae2 g5 29. Nd1 g4 30. Kh1 Kh8 31. Nb2 Nd6 32. Qd1 Qg5 33. Ncd3 Ne4 34. Rc2 Qh6 35. hxg4 fxg4 36. Qxg4 Rg8 37. Qh3 Bf6 38. Rxc6 Reg7 39. Rg1 Qg5 40. Qf3 1-0

[Event "Bayern-chI Bank Hofmann 13th"]
[Site "Bad Wiessee"]
[Date "2009.11.07"]
[Round "9"]
[White "Nguyen, Michael"]
[Black "Graf, Felix"]
[Result "0-1"]
[WhiteElo "2187"]
[BlackElo "2296"]
[PlyCount "80"]
[EventDate "2009.10.31"]
[EventType "swiss"]
[EventRounds "9"]
[EventCountry "GER"]
[SourceTitle "EXT 2010"]
[Source "ChessBase"]
[SourceDate "2010.11.25"]
[SourceVersion "1"]
[SourceVersionDate "2010.11.25"]
[SourceQuality "1"]

1. d4 e6 2. g3 Nf6 3. Bg2 c5 4. Nf3 Qa5+ 5. c3 cxd4 6. Nxd4 Nc6 7. 0-0 Be7 8. c4 0-0 9. Nb3 Qh5 10. h3 d5 11. cxd5 exd5 12. g4 Qe5 13. e3 h5 14. f4 Qd6 15. g5 Ne4 16. Nc3 Nxc3 17. bxc3 g6 18. Qe2 Be6 19. Rd1 Qc7 20. Bb2 Rad8 21. Nd4 Nxd4 22. cxd4 Qd7 23. Kh2 Bd6 24. Qd3 Qe7 25. Kg1 Bf5 26. Qb3 Rfe8 27. Re1 Be4 28. Bf1 f6 29. gxf6 Qxf6 30. Ba3 Qh4 31. Re2 g5 32. Bxd6 Rxd6 33. fxg5 Qxg5+ 34. Bg2 Rg6 35. Qb2 Qg3 36. Rf1 Re7 37. Rff2 Reg7 38. Qb5 Kh7 39. Kf1 Bxg2+ 40. Rxg2 Qf3+ 0-1

[Event "Politiken Cup 31st"]
[Site "Helsingor"]
[Date "2009.07.26"]
[Round "10"]
[White "Tallaksen, Levi Andre"]
[Black "Nguyen, Michael"]
[Result "1/2-1/2"]
[WhiteElo "2081"]
[BlackElo "2196"]
[PlyCount "43"]
[EventDate "2009.07.18"]
[EventType "swiss"]
[EventRounds "10"]
[EventCountry "DEN"]
[SourceTitle "CBM 131 Extra"]
[Source "ChessBase"]
[SourceDate "2009.09.03"]
[SourceVersion "2"]
[SourceVersionDate "2009.09.16"]
[SourceQuality "1"]

1. d4 Nf6 2. Nf3 e6 3. Bg5 h6 4. Bh4 d6 5. e3 g5 6. Bg3 Nh5 7. Bd3 Bg7 8. Nbd2 0-0 9. 0-0 Nxg3 10. fxg3 c5 11. c3 Nc6 12. Qe2 b6 13. Rad1 Qc7 14. Bb1 a5 15. d5 Ne7 16. Qd3 f5 17. e4 exd5 18. exd5 Ng6 19. Qc2 Bd7 20. g4 Rf6 21. gxf5 Bxf5 22. Ne4 1/2-1/2

[Event "Politiken Cup 31st"]
[Site "Helsingor"]
[Date "2009.07.19"]
[Round "2"]
[White "Nguyen, Michael"]
[Black "Andersen, Rune Egede"]
[Result "0-1"]
[WhiteElo "2196"]
[BlackElo "2026"]
[PlyCount "80"]
[EventDate "2009.07.18"]
[EventType "swiss"]
[EventRounds "10"]
[EventCountry "DEN"]
[SourceTitle "CBM 131 Extra"]
[Source "ChessBase"]
[SourceDate "2009.09.03"]
[SourceVersion "2"]
[SourceVersionDate "2009.09.16"]
[SourceQuality "1"]

1. d4 d5 2. c4 dxc4 3. e3 Nf6 4. Bxc4 e6 5. Nf3 c5 6. 0-0 a6 7. Bb3 b5 8. a4 b4 9. e4 Bb7 10. e5 Ne4 11. Re1 cxd4 12. Nxd4 Bc5 13. Be3 Nc6 14. Nxc6 Qxd1 15. Bxd1 Bxe3 16. Rxe3 Bxc6 17. Bf3 0-0-0 18. Nc3 bxc3 19. bxc3 Nxf2 20. Kxf2 Kc7 21. Kg3 Rd2 22. Bxc6 Kxc6 23. Rf1 Rb8 24. Ref3 Rbb2 25. Rg1 Rbc2 26. Kh3 Rf2 27. Rg3 g6 28. Rd1 Rfd2 29. Rf1 Rf2 30. Rd1 Rcd2 31. Rd3 Rde2 32. Rd6+ Kc5 33. Rxa6 Rxg2 34. Rad6 Rxh2+ 35. Kg3 h5 36. Rd7 h4+ 37. Kg4 Reg2+ 38. Kf3 Rg3+ 39. Ke4 Re2+ 40. Kf4 g5# 0-1

[Event "Politiken Cup 31st"]
[Site "Helsingor"]
[Date "2009.07.18"]
[Round "1"]
[White "Rasmussen, Henning Lau"]
[Black "Nguyen, Michael"]
[Result "0-1"]
[WhiteElo "1845"]
[BlackElo "2196"]
[PlyCount "58"]
[EventDate "2009.07.18"]
[EventType "swiss"]
[EventRounds "10"]
[EventCountry "DEN"]
[SourceTitle "CBM 131 Extra"]
[Source "ChessBase"]
[SourceDate "2009.09.03"]
[SourceVersion "2"]
[SourceVersionDate "2009.09.16"]
[SourceQuality "1"]

1. Nf3 Nf6 2. c4 e6 3. Nc3 Bb4 4. Qc2 c5 5. a3 Ba5 6. d4 cxd4 7. Nxd4 d5 8. cxd5 exd5 9. b4 Bb6 10. e3 0-0 11. Bd3 a5 12. b5 Nbd7 13. 0-0 Ne5 14. Bf5 Nc4 15. Na4 Bc7 16. g3 Be5 17. Nb2 Nd6 18. Bxc8 Rxc8 19. Qd3 Nde4 20. Bd2 Nc5 21. Qc2 Ne6 22. Qd3 Nc5 23. Qc2 Nfe4 24. Be1 Ne6 25. Qd1 Qf6 26. Rc1 Rxc1 27. Qxc1 Bxd4 28. exd4 Nxd4 29. Qb1 Qf3 0-1

[Event "DEN-ch cand"]
[Site "Aalborg"]
[Date "2007.04.08"]
[Round "7"]
[White "Nguyen, Michael"]
[Black "Rhee, Alexander Kasper"]
[Result "1-0"]
[WhiteElo "2006"]
[BlackElo "2052"]
[PlyCount "151"]
[EventDate "2007.04.03"]
[EventType "swiss"]
[EventRounds "7"]
[EventCountry "DEN"]
[SourceTitle "EXT 2023"]
[Source "ChessBase"]
[SourceDate "2022.10.05"]
[SourceVersion "1"]
[SourceVersionDate "2022.10.05"]
[SourceQuality "1"]

1. c4 Nf6 2. g3 c6 3. Bg2 d5 4. Nf3 dxc4 5. Qc2 Be6 6. Ng5 Bd5 7. e4 h6 8. Nh3 Be6 9. Nf4 Bc8 10. e5 g5 11. Ng6 fxg6 12. Qxg6+ Kd7 13. exf6 Kc7 14. Qf7 Nd7 15. Qxc4 Ne5 16. Qe4 Nd3+ 17. Ke2 Nc5 18. Qe5+ Kb6 19. d4 exf6 20. Qe3 Bg4+ 21. Kf1 Ne6 22. h3 Bf5 23. d5+ Kc7 24. Nc3 Bc5 25. Qd2 cxd5 26. Nxd5+ Kb8 27. b4 Bd4 28. Bb2 Be5 29. Bxe5+ fxe5 30. Qe3 Qd6 31. Re1 a5 32. Qxe5 Bd3+ 33. Kg1 Qxe5 34. Rxe5 Nd8 35. b5 a4 36. Nc3 Ka7 37. Nxa4 Rc8 38. b6+ Kb8 39. Nc5 Bb5 40. a4 Bc6 41. a5 Re8 42. Bxc6 Nxc6 43. Nd7+ Ka8 44. Rxe8 Rxe8 45. Kg2 Rd8 46. Nf6 Rd6 47. Ne4 Rd5 48. h4 g4 49. Nf6 Rxa5 50. Nxg4 h5 51. Nf6 Kb8 52. Rd1 Rf5 53. Nd5 Ne5 54. Ne3 Rf8 55. Rd5 Re8 56. f4 Ng6 57. Kf3 Rh8 58. Nf5 Kc8 59. Ng7 Ne7 60. Rxh5 Rg8 61. Nf5 Ng6 62. Rg5 Kd7 63. h5 Ne5+ 64. Ke4 Rxg5 65. fxg5 Ke6 66. Nd4+ Kd6 67. g6 Ng4 68. Kf5 Nh6+ 69. Kg5 Ke7 70. Kxh6 Kf8 71. Kh7 Ke7 72. g7 Kf7 73. g8Q+ Ke7 74. Qg6 Kd8 75. Qf7 Kc8 76. Qc7# 1-0

[Event "DEN-ch cand"]
[Site "Aalborg"]
[Date "2006.04.17"]
[Round "7"]
[White "Jorgensen, Brian Jorgen"]
[Black "Nguyen, Michael"]
[Result "1-0"]
[WhiteElo "2196"]
[BlackElo "2007"]
[PlyCount "79"]
[EventDate "2006.04.11"]
[EventType "swiss"]
[EventRounds "7"]
[EventCountry "DEN"]
[SourceTitle "EXT 2018"]
[Source "ChessBase"]
[SourceDate "2017.10.13"]
[SourceVersion "1"]
[SourceVersionDate "2017.10.13"]
[SourceQuality "1"]

1. d4 Nf6 2. Bf4 e6 3. e3 b6 4. h3 Bb7 5. Nf3 c5 6. Nbd2 Nc6 7. c3 Be7 8. Bd3 d5 9. 0-0 h6 10. Bh2 0-0 11. Ne5 Nxe5 12. dxe5 Ne4 13. Nf3 Qc7 14. Ne1 c4 15. Bc2 b5 16. f3 Nc5 17. f4 Ne4 18. Nf3 a5 19. Nd4 Qc5 20. Qg4 Kh8 21. f5 exf5 22. Nxf5 g6 23. Nxe7 Qxe7 24. Bxe4 dxe4 25. Rf6 Bd5 26. Qh4 Kh7 27. Bf4 Rh8 28. Qxh6+ Kg8 29. Qg5 Qb7 30. Rd6 Kg7 31. e6 Rh5 32. Be5+ Kh7 33. Qf6 fxe6 34. g4 Rxh3 35. Kg2 Rh6 36. Rh1 Rxh1 37. Kxh1 Kg8 38. Qh8+ Kf7 39. Qg7+ Ke8 40. Rxe6+ 1-0

[Event "Quebec-ch U10"]
[Site "Montreal"]
[Date "2003.??.??"]
[Round "4"]
[White "Dinku, Joel"]
[Black "Nguyen, Michael"]
[Result "0-1"]
[WhiteElo "825"]
[BlackElo "1066"]
[PlyCount "74"]
[EventDate "2003.05.??"]
[EventType "tourn"]
[EventRounds "5"]
[EventCountry "CAN"]
[SourceTitle "EXT 2006"]
[Source "ChessBase"]
[SourceDate "2005.11.24"]
[SourceVersion "1"]
[SourceVersionDate "2005.11.24"]
[SourceQuality "1"]

1. e4 e5 2. Nf3 Nc6 3. Nc3 f5 4. exf5 Nf6 5. d3 d5 6. Bg5 Bc5 7. g3 0-0 8. Bg2 Bxf5 9. h3 h6 10. Bxf6 Qxf6 11. 0-0 Rad8 12. b3 e4 13. dxe4 dxe4 14. Nxe4 Bxe4 15. Qe2 Bxf3 16. Qxf3 Qxf3 17. Bxf3 Rxf3 18. Kg2 Rdf8 19. Rad1 Rxf2+ 20. Rxf2 Rxf2+ 21. Kh1 Rxc2 22. a4 Rb2 23. h4 Rxb3 24. g4 Rb4 25. g5 Rxh4+ 26. Kg2 Rg4+ 27. Kf3 Rxg5 28. Re1 Ne5+ 29. Kf4 Bd6 30. Ke4 Rg4+ 31. Kf5 g6+ 32. Kf6 Rf4+ 33. Ke6 Rxa4 34. Rb1 b6 35. Rh1 h5 36. Ra1 Rxa1 37. Kd5 a5 0-1

[Event "Quebec-ch U10"]
[Site "Montreal"]
[Date "2003.??.??"]
[Round "1"]
[White "Rozybakiyev, Ilchin"]
[Black "Nguyen, Michael"]
[Result "1/2-1/2"]
[WhiteElo "1138"]
[BlackElo "1066"]
[PlyCount "99"]
[EventDate "2003.05.??"]
[EventType "tourn"]
[EventRounds "5"]
[EventCountry "CAN"]
[SourceTitle "EXT 2006"]
[Source "ChessBase"]
[SourceDate "2005.11.24"]
[SourceVersion "1"]
[SourceVersionDate "2005.11.24"]
[SourceQuality "1"]

1. e4 e5 2. Nf3 Nc6 3. d4 Nxd4 4. Nxd4 exd4 5. Qxd4 Nf6 6. Nc3 b6 7. Bc4 Bc5 8. Qe5+ Qe7 9. Qxe7+ Bxe7 10. 0-0 Bb7 11. Bd3 d5 12. exd5 Nxd5 13. Nxd5 Bxd5 14. Re1 Be6 15. Bb5+ Kd8 16. Be3 a6 17. Bc6 Ra7 18. Rad1+ Bd6 19. a3 Ke7 20. Bg5+ f6 21. Bc1 Rd8 22. Kh1 Kf7 23. h3 Rf8 24. Kg1 a5 25. Re2 g5 26. Rde1 Bf5 27. Bd5+ Kg6 28. Kh1 Kg7 29. g4 Bg6 30. Kg2 Bf7 31. Bxf7 Rxf7 32. c3 c5 33. c4 Kg6 34. a4 Rfe7 35. Rxe7 Rxe7 36. Rxe7 Bxe7 37. b3 f5 38. gxf5+ Kxf5 39. f3 h5 40. Be3 g4 41. hxg4+ hxg4 42. fxg4+ Kxg4 43. Kf2 Kf5 44. Kf3 Ke5 45. Bf4+ Kd4 46. Bc7 Kc3 47. Bxb6 Kxb3 48. Bxa5 Kxa4 49. Bb6 Kb4 50. Bxc5+ 1/2-1/2